Statistics for Chris's General Knowledge Quiz #2

Click here to take the quiz!

General Stats

  • This quiz has been taken 31 times
  • The average score is 13 of 20

Answer Stats

Question Answer % Correct
Which is the only planet of the Solar System named after a woman?Venus
100%
What German car company uses four rings as their logo?Audi
100%
What makeup product is nicknamed 'guyliner' when worn by men?Eyeliner
93%
The cross on the Danish flag is what colour?White
93%
Matthew Perry played Chandler in which US sitcom?Friends
93%
What playing card's name is also a type of tennis serve?Ace
90%
According to the proverb, what 'killed the cat'?Curiosity
86%
In the film 'Taxi Driver', Robert de Niro's character is a veteran of what war?Vietnam War
86%
In which US state did Colonel Sanders open his first food outlet?Kentucky
79%
What publishing group shares its name with a flightless bird?Penguin
76%
In golf, what do Americans call a 'sand trap'?Bunker
69%
What was the title of Ian Fleming's first novel?Casino Royale
55%
Kingfisher Beer was first brewed in what country?India
52%
Which Illinois baseball team are said to suffer from the 'Curse of the Billy Goat'?Chicago Cubs
41%
In the musical 'Les Miserables', who is given the prisoner code number 24601?Jean Valjean
41%
In fashion, David Shilling is a famous designer of what item of clothing?Hats
34%
Which French football team did David Beckham sign for in 2013?PSG
34%
What is the only element whose English name ends with S?Phosphorus
31%
What is the motto of the SAS?'Who Dares Wins'
28%
Which actress co-starred with Tom Hanks in the film 'Cloud Atlas'?Halle Berry
28%

Score Distribution

Percentile by Number Answered

Percent of People with Each Score

Your Score History

You have not taken this quiz